000 00282nam a22001097a 4500
008 160507b xxu||||| |||| 00| 0 eng d
020 _a0721664725
041 _aeng
080 _a573
245 _aTHE developing human clinically oriented embryology:
_cKeith L.Moore;
942 _2udc
_cBK
999 _c1922
_d1922